[Event "Spijkenisse op-B 3rd"]
[Site "Spijkenisse"]
[Date "2013.10.27"]
[Round "6"]
[White "Kalkman de Koster, Franzke"]
[Black "Pluim, Rienk"]
[Result "0-1"]
[WhiteElo "1372"]
[BlackElo "1322"]
[PlyCount "138"]
[EventDate "2013.10.25"]
[EventType "swiss"]
[EventRounds "6"]
[EventCountry "NED"]
[SourceTitle "EXT 2014"]
[Source "ChessBase"]
[SourceDate "2013.11.20"]
[SourceVersion "1"]
[SourceVersionDate "2013.11.20"]
[SourceQuality "1"]

1. d4 d5 2. c4 c6 3. c5 e5 4. e3 e4 5. Be2 Nf6 6. f3 Nbd7 7. f4 b6 8. b4 b5 9. a4 a6 10. Nc3 Rb8 11. Nh3 h6 12. Nf2 Be7 13. 0-0 Nf8 14. Nh1 Bf5 15. Ng3 Qd7 16. Bd2 Bg4 17. f5 Bxe2 18. Qxe2 h5 19. Be1 Bd8 20. Nh1 Bc7 21. Bg3 N8h7 22. Bxc7 Qxc7 23. Rf4 Ke7 24. Nf2 Ng5 25. h4 Ngh7 26. g3 Rbg8 27. Kg2 g5 28. fxg6 Rxg6 29. Nh1 Qc8 30. Raf1 Qe6 31. Rf5 Kd7 32. Re5 Qg4 33. Rf4 Qxe2+ 34. Nxe2 Rf8 35. a5 Ng4 36. Rxh5 Nhf6 37. Rg5 Rxg5 38. hxg5 Nxe3+ 39. Kg1 Nfg4 40. Nf2 Nxf2 41. Kxf2 Nc2 42. g6 Ke7 43. g7 Rg8 44. Rg4 Nxb4 45. Nf4 Nd3+ 46. Ke3 Nxf4 47. gxf4 Kf6 48. Rg5 Rxg7 49. Re5 Rg8 50. f5 Rb8 51. Kd2 b4 52. Kc2 Rb5 53. Kb3 Rxa5 54. Kxb4 Rb5+ 55. Ka4 a5 56. Re8 Rb4+ 57. Kxa5 Rxd4 58. Rc8 Kxf5 59. Rxc6 Rc4 60. Kb5 Ke5 61. Rh6 Kd4 62. c6 Kd3 63. Rh7 f5 64. c7 e3 65. Rd7 d4 66. Kb6 e2 67. Kb7 Rxc7+ 68. Rxc7 e1Q 69. Rc6 Qe4 0-1